LEADER 02372nam 2200601Ia 450 001 9910454828003321 005 20200520144314.0 010 $a1-4416-1663-2 010 $a1-60750-418-9 010 $a600-00-1486-4 035 $a(CKB)1000000000766319 035 $a(EBL)448785 035 $a(OCoLC)491258042 035 $a(SSID)ssj0000335855 035 $a(PQKBManifestationID)11229508 035 $a(PQKBTitleCode)TC0000335855 035 $a(PQKBWorkID)10277202 035 $a(PQKB)10630161 035 $a(MiAaPQ)EBC448785 035 $a(Au-PeEL)EBL448785 035 $a(CaPaEBR)ebr10309222 035 $a(EXLCZ)991000000000766319 100 $a20090210d2009 uy 0 101 0 $aeng 135 $aur|n|---||||| 181 $ctxt 182 $cc 183 $acr 200 12$aA class of algorithms for distributed constraint optimization$b[electronic resource] /$fAdrian Petcu 210 $aWashington, DC $cIOS Press$d2009 215 $a1 online resource (304 p.) 225 0 $aFrontiers in artificial intelligence and applications/faia ;$vv. 194 300 $aDescription based upon print version of record. 311 $a1-58603-989-X 327 $aTitle page; Contents; Introduction; I Preliminaries and Background; II The DPOP Algorithm; III Tradeoffs; IV Dynamics; V Self-Interest 330 $aAddresses three major issues that arise in Distributed Constraint Optimization Problems (DCOP): efficient optimization algorithms, dynamic and open environments, and manipulations from self-interested users. This book introduces a series of DCOP algorithms, which are based on dynamic programming. 410 0$aFrontiers in artificial intelligence and applications ;$vv. 194. 410 0$aFrontiers in artificial intelligence and applications.$pDissertations in artificial intelligence. 606 $aConstraint programming (Computer science) 606 $aArtificial intelligence 608 $aElectronic books. 615 0$aConstraint programming (Computer science) 615 0$aArtificial intelligence. 676 $a005.1/16 676 $a006.3 700 $aPetcu$b Adrian$0956339 801 0$bMiAaPQ 801 1$bMiAaPQ 801 2$bMiAaPQ 906 $aBOOK 912 $a9910454828003321 996 $aA class of algorithms for distributed constraint optimization$92165319 997 $aUNINA LEADER 01103nam a2200325 i 4500 001 991000855309707536 005 20020507174614.0 008 950720s1977 uk ||| | eng 020 $a0198531583 035 $ab10766765-39ule_inst 035 $aLE01303355$9ExL 040 $aDip.to Matematica$beng 082 0 $a511.3 084 $aAMS 00A30 084 $aAMS 03A05 100 1 $aDummett, Michael A. E.$046435 245 10$aElements of intuitionism /$cby Michael Dummett ; with the assistance of Roberto Minio 260 $aOxford :$bClarendon Press,$c1977 300 $ax, 467 p. ;$c24 cm. 490 0 $aOxford logic guides 500 $aBibliography: p. 452-461. 500 $aIncludes index 650 4$aIntuitionistic mathematics 700 1 $aMinio, Roberto 907 $a.b10766765$b23-02-17$c28-06-02 912 $a991000855309707536 945 $aLE013 00A DUM11 (1977)$g1$i2013000032795$lle013$o-$pE0.00$q-$rl$s- $t0$u6$v1$w6$x0$y.i10862985$z28-06-02 996 $aElements of Intuitionism$9346481 997 $aUNISALENTO 998 $ale013$b01-01-95$cm$da $e-$feng$guk $h0$i1